| 000 | 01955nam a2200577 i 4500 | ||
|---|---|---|---|
| 001 | 4057 | ||
| 003 | KOSZ 005 | ||
| 005 | 20200527085021.0 | ||
| 008 | 970903s1989 pl a |000 0 pol | ||
| 015 | _aUWD 1990/293 | ||
| 020 | _a8321334679 | ||
| 035 | _a991002122889705066 | ||
| 035 | _a(PL-WaBN)b10589557-48omnis_nlop | ||
| 035 | _ab10589557 | ||
| 035 | _a(OCoLC)749479842 | ||
| 035 | _a(PL)b0000001058955 | ||
| 035 | _a(EXLNZ-48OMNIS_NETWORK)9910007769705606 | ||
| 040 |
_aWA N _cWA N _dKOSZ 005/AR |
||
| 041 | 0 | _apol | |
| 044 | _apl | ||
| 046 | _k1989 | ||
| 080 | _a666.97/.98 | ||
| 080 | _a(075.8) | ||
| 100 | 1 |
_aRoszak, Wojciech _d(1929- ) _eAutor |
|
| 245 | 1 | 0 |
_aBetony z kruszyw lekkich / _cWojciech Roszak, Franciszek Kubiczek. |
| 250 | _aWydanie 3 poprawione i zaktualizowane. | ||
| 260 |
_aWarszawa : _b"Arkady", _c1989. |
||
| 300 |
_a119, [1] strona : _bilustracje ; _c24 cm. |
||
| 336 |
_aTekst _btxt _2rdacontent |
||
| 337 |
_aBez urządzenia pośredniczącego _bn _2rdamedia |
||
| 338 |
_aWolumin _bnc _2rdacarrier |
||
| 380 | _aKsiążki | ||
| 380 | _aPublikacje dydaktyczne | ||
| 388 | _a1901-2000 | ||
| 388 | _a1945-1989 | ||
| 504 | _aBibliografia na stronie 117. Normy, instrukcje, świadectwa na stronach 118-119. | ||
| 521 | _aDla techników, inżynierów, studentów oraz indywidualnych producentów betonów. | ||
| 650 | 7 |
_aBeton _2DBN |
|
| 650 | 7 | _aBeton lekki | |
| 650 | 7 |
_aKruszywo _2DBN |
|
| 650 | 7 | _aBudownictwo | |
| 650 | 7 |
_aMateriały budowlane _2DBN |
|
| 655 | 7 |
_aPodręczniki akademickie _2DBN |
|
| 658 | _aArchitektura i budownictwo | ||
| 658 | _aInżynieria i technika | ||
| 700 | 1 |
_aKubiczek, Franciszek _eAutor |
|
| 710 | 2 |
_4pbl _aWydawnictwo Arkady |
|
| 856 |
_u http://koha.tu.koszalin.pl/cgi-bin/koha/opac-detail.pl?biblionumber=4057 _yKatalog online BPK |
||
| 942 |
_2UKD _cKS |
||
| 999 |
_c4057 _d4057 |
||